Un niño prodigio / (Registro nro. 607)
[ vista simple ]
| 000 -LEADER | |
|---|---|
| fixed length control field | 00805nam a22002417a 4500 |
| 003 - CONTROL NUMBER IDENTIFIER | |
| control field | AR-RoUNCS |
| 005 - DATE AND TIME OF LATEST TRANSACTION | |
| control field | 20250924151844.0 |
| 008 - FIXED-LENGTH DATA ELEMENTS--GENERAL INFORMATION | |
| fixed length control field | 250924t2009 ag |||||r|||| 00| f spa d |
| 020 ## - INTERNATIONAL STANDARD BOOK NUMBER | |
| International Standard Book Number | 978-987-04-1254-0 |
| 040 ## - CATALOGING SOURCE | |
| Transcribing agency | AR-RoUNCS |
| 080 ## - UNIVERSAL DECIMAL CLASSIFICATION NUMBER | |
| Authority record control number or standard number | 82-34(477) N434 |
| 100 1# - MAIN ENTRY--PERSONAL NAME | |
| Personal name | Némirovsky, Irène, |
| Dates associated with a name | 1903-1942 |
| Relator term | autor |
| 245 13 - TITLE STATEMENT | |
| Title | Un niño prodigio / |
| Statement of responsibility, etc. | Irène Némirovsky ; traducción de Miguel Azaola. |
| 250 ## - EDITION STATEMENT | |
| Edition statement | 1a ed. |
| 260 ## - PUBLICATION, DISTRIBUTION, ETC. | |
| Place of publication, distribution, etc. | Buenos Aires : |
| Name of publisher, distributor, etc. | Alfaguara, |
| Date of publication, distribution, etc. | 2009. |
| 300 ## - PHYSICAL DESCRIPTION | |
| Extent | 104 p. ; |
| Dimensions | 20 cm. |
| 490 0# - SERIES STATEMENT | |
| Series statement | Alfaguara Infantil y Juvenil |
| 500 ## - GENERAL NOTE | |
| General note | Título original: UN ENFANT PRODIGE |
| 520 3# - SUMMARY, ETC. | |
| Summary, etc. | Un cuento filosófico sobre un joven que sucumbe ante la fuerza destructora de su propio genio. |
| 650 #4 - SUBJECT ADDED ENTRY--TOPICAL TERM | |
| Topical term or geographic name entry element | LITERATURA UCRANIANA |
| 655 #4 - INDEX TERM--GENRE/FORM | |
| Genre/form data or focus term | NOVELA FANTASTICA |
| 942 ## - ADDED ENTRY ELEMENTS (KOHA) | |
| Source of classification or shelving scheme | Universal Decimal Classification |
| Koha item type | Libro de préstamo a domicilio |
| Suppress in OPAC | No |
| Withdrawn status | Lost status | Source of classification or shelving scheme | Damaged status | Not for loan | Collection | Home library | Current library | Date acquired | Source of acquisition | Total checkouts | Full call number | Barcode | Date last seen | Price effective from | Koha item type |
|---|---|---|---|---|---|---|---|---|---|---|---|---|---|---|---|
| Universal Decimal Classification | Colección General | Biblioteca Escuela de Ciencias Sociales | Biblioteca Escuela de Ciencias Sociales | 24/09/2025 | Donación 2025 | 82-32(477) N434 | 000366 | 24/09/2025 | 24/09/2025 | Libro de préstamo a domicilio |